Business Policy and Strategic Management. (Record no. 2311)

MARC details
005 - DATE AND TIME OF LATEST TRANSACTION
control field 20250515132619.0
020 ## - INTERNATIONAL STANDARD BOOK NUMBER
International Standard Book Number 0-07-032347-X
082 ## - DEWEY DECIMAL CLASSIFICATION NUMBER
Classification number 658.401 JAU
100 ## - MAIN ENTRY--PERSONAL NAME
Author name JAUCH, L. R.
245 ## - TITLE STATEMENT
Title Business Policy and Strategic Management.
250 ## - EDITION STATEMENT
Edition statement 5th Ed
260 ## - PUBLICATION, DISTRIBUTION, ETC.
Place of publication, distribution, etc. New York,
Name of publisher, distributor, etc. McGraw-Hill,
Date of publication, distribution, etc. 1988.
300 ## - PHYSICAL DESCRIPTION
Extent xix, 940p.: ill.; figure, picture, table
Other physical details Index
Dimensions 22cm.
700 ## - ADDED ENTRY--PERSONAL NAME
Other authors/Editors GLUECK, W. F.
942 ## - ADDED ENTRY ELEMENTS (KOHA)
Source of classification or shelving scheme Dewey Decimal Classification
Koha item type Books
Holdings
Date last seen Total checkouts Full call number Barcode Cost, replacement price Price effective from Koha item type Lost status Source of classification or shelving scheme Damaged status Not for loan Withdrawn status Home library Current library Shelving location Date acquired Cost, normal purchase price
05/15/2025   658.401 JAU 0000008845 36000.00 05/15/2025 Books   Dewey Decimal Classification       College of Business Education Main Library College of Business Education Main Library General Collection 06/20/1990 12000.00